000 00383pam a2200157a 44500
008 230515b1992 xxu||||| |||| 00| 0 eng d
020 _aNULL
041 _aENG
082 _a613.2
100 _aescoh stump s.
245 _aNutrition and diagnosis related care 3rd ed.
250 _a3rd
260 _aNULL
_b"Lea and Febiger , London, "
_c1992
300 _a660
650 _aN.D.
999 _c520646
_d520646